| 000 | 00438cam a2200181ua 4500 | ||
|---|---|---|---|
| 001 | 3548 | ||
| 008 | 111121n ii |||gr||||Z||||||asm | ||
| 040 | _cMAIN | ||
| 082 | _a891.4513 | ||
| 245 | 1 | 1 |
_aAngor anonga rup _cby Dimbeswar Borah |
| 250 | _a2nd. | ||
| 260 |
_aGuwahati: _bKamakhya Book stall,977. |
||
| 300 |
_a52p: _c23cm. |
||
| 653 | _aAssamese novel | ||
| 653 | _aAngor anonga rup | ||
| 700 | _aBorah, Dimbeswar, | ||
| 942 | _cBK | ||
| 999 |
_c3389 _d3389 |
||